Housing finance in the UK (Record no. 103880)
[ view plain ]
| 000 -LEADER | |
|---|---|
| fixed length control field | 01088cam a2200241 4500 |
| 001 - CONTROL NUMBER | |
| control field | L128246 |
| 008 - FIXED-LENGTH DATA ELEMENTS--GENERAL INFORMATION | |
| fixed length control field | 041208n1999 000 0 eng u |
| 020 ## - INTERNATIONAL STANDARD BOOK NUMBER | |
| International Standard Book Number | 0333664361 |
| 035 ## - SYSTEM CONTROL NUMBER | |
| System control number | (Sirsi) u128246 |
| 041 ## - LANGUAGE CODE | |
| Language code of text/sound track or separate title | eng |
| 050 ## - LIBRARY OF CONGRESS CALL NUMBER | |
| Classification number | 306.3 |
| -- | 18 |
| 100 ## - MAIN ENTRY--PERSONAL NAME | |
| Personal name | Gibb, Kenneth |
| 245 ## - TITLE STATEMENT | |
| Title | Housing finance in the UK |
| Remainder of title | an introduction |
| 250 ## - EDITION STATEMENT | |
| Edition statement | 2nd ed. |
| 260 ## - PUBLICATION, DISTRIBUTION, ETC. | |
| Place of publication, distribution, etc. | Hampshire |
| Name of publisher, distributor, etc. | Palgrave Macmillan |
| Date of publication, distribution, etc. | 1999 |
| 300 ## - PHYSICAL DESCRIPTION | |
| Extent | xii, 257p. |
| Dimensions | 22cm. |
| 350 ## - PRICE (NR) (BK AM CF MU VM SE) [OBSOLETE] | |
| Price | 20.99 |
| 520 ## - SUMMARY, ETC. | |
| Summary, etc. | Analyses the contemporary housing finance system in the UK. Covers: the fundamentals of housing finance; the economics of housing markets; public expenditure; financing local authority housing; and housing associations. Considers also the relationship between mortgage finance, housing and the economy,private rented housing, assistance with housing costs and concludes with discussion of the key issues in British housing finance and the future of housing finance. Bibliography. |
| 690 ## - LOCAL SUBJECT ADDED ENTRY--TOPICAL TERM (OCLC, RLIN) | |
| Topical term or geographic name as entry element | PROPERTY-PROPERTY FINANCE AND INVESTMENT |
| 700 ## - ADDED ENTRY--PERSONAL NAME | |
| Personal name | Munro, Moira |
| 700 ## - ADDED ENTRY--PERSONAL NAME | |
| Personal name | Satsangi, Madhu |
| 942 ## - ADDED ENTRY ELEMENTS (KOHA) | |
| Suppress in OPAC | 0 |
| Withdrawn status | Lost status | Source of classification or shelving scheme | Damaged status | Not for loan | Home library | Current library | Shelving location | Date acquired | Cost, normal purchase price | Total Checkouts | Full call number | Barcode | Date last seen | Date last checked out | Copy number | Cost, replacement price | Price effective from | Koha item type |
|---|---|---|---|---|---|---|---|---|---|---|---|---|---|---|---|---|---|---|
| Dewey Decimal Classification | London | London | Books | 16/06/2005 | 17.84 | 14 | 306.3 GIB | 30062759 | 06/08/2019 | 22/01/2007 | 1 | 17.84 | 06/08/2019 | Book |